00211nam a2200085Ia 4500008004100000082001300041100001800054245002100072260003200093231207s9999 xx 000 0 und d a701bSHA aSharma, B. R. 4aThe death of art bUniversity Press of America